| 000 | 00723nam a22002055a 4500 | ||
|---|---|---|---|
| 003 | OSt | ||
| 005 | 20180207155729.0 | ||
| 008 | 180207s19uu ua frb 000 0 ara d | ||
| 040 |
_aEG-ScBUE _bara _cEG-ScBUE |
||
| 082 | 0 | 4 |
_a297.14 _bح ز م _222 |
| 100 | 1 |
_aابن حزم ، علي بن أحمد، _d1064-994. |
|
| 245 | 1 | 2 |
_aالمحلي / _cأبو محمد علي بن أحمد بن سعيد بن حزم، المتوفي 456 هـ ؛ حققها أحمد محمد شاكر. |
| 250 | _aط. مصححة. | ||
| 260 |
_aالقاهرة : _bدار الفكر، _c[د. ت.] |
||
| 300 |
_a8 مج. ؛ _c24 سم. |
||
| 650 | 7 |
_aالفقه الإسلامي. _2BUEsh |
|
| 651 | _2BUEsh | ||
| 653 |
_bGGEN _cFebruary2018 |
||
| 942 | _2ddc | ||
| 999 |
_c26133 _d26105 |
||